书目信息 |
| 题名: |
西藏的神灵和鬼怪
|
|
| 作者: | 沃杰科维茨, 著 ;谢继胜 译 | |
| 分册: | ||
| 出版信息: | 拉萨 西藏人民出版社 1993.05 |
|
| 页数: | 690页 | |
| 开本: | 20cm | |
| 丛书名: | ||
| 单 册: | ||
| 中图分类: | B946.6 | |
| 科图分类: | ||
| 主题词: | 喇嘛教--研究--西藏 | |
| 电子资源: | ||
| ISBN: | 7-223-00456-8 | |
| 000 | 00897nam0 2200229 450 | |
| 001 | 010240050141 | |
| 005 | 20051110092812.47 | |
| 010 | @a7-223-00456-8@dCNY29.80 | |
| 100 | @a20051006d1993 km y0chiy0120 ea | |
| 101 | 1 | @achi@cfre |
| 102 | @aCN@b540000 | |
| 105 | @ay z 000yy | |
| 200 | 1 | @a西藏的神灵和鬼怪@Axi zang de shen ling he gui guai@f(奥) 内贝斯基·沃杰科维茨(Nebesky·Wojkowitz,ReneDe)著@F(ao)nei bei si ji·wo jie ke wei ci(Nebesky·Wojkowitz,ReneDe)zhu@g谢继胜译@Gxie ji sheng yi |
| 210 | @a拉萨@c西藏人民出版社@d1993.05 | |
| 215 | @a690页@d20cm | |
| 330 | @a本书论述了护法神的分类、形貌和标志,介绍了出世间护法神,世间护法神及保护神的崇拜等,并附藏文参考书目。 | |
| 606 | 0 | @a喇嘛教@x研究@y西藏 |
| 690 | @aB946.6@v4 | |
| 701 | 1 | @a沃杰科维茨,@Awo jie ke wei ci,@b内贝斯基@4著 |
| 702 | 0 | @a谢继胜@Axie ji sheng@4译 |
| 801 | 0 | @aCN@bQSSK@c20051110 |
| 905 | @a10447@dB946.6@eW705 | |
| 西藏的神灵和鬼怪/(奥) 内贝斯基·沃杰科维茨(Nebesky·Wojkowitz,ReneDe)著/谢继胜译.-拉萨:西藏人民出版社,1993.05 |
| 690页;20cm |
| ISBN 7-223-00456-8:CNY29.80 |
| 本书论述了护法神的分类、形貌和标志,介绍了出世间护法神,世间护法神及保护神的崇拜等,并附藏文参考书目。 |
| ● |
| 相关链接 |
|
|
|
正题名:西藏的神灵和鬼怪
索取号:B946.6/W705
 
预约/预借
| 序号 | 登录号 | 条形码 | 馆藏地/架位号 | 状态 | 备注 |
| 1 | 573764 | 205737648 | 自科二线400A/400A自科库 47排1列2层/ [索取号:B946.6/W705] | 在馆 | |
| 2 | 573765 | 205737657 | 自科二线400A/400A自科库 10排3列4层/ [索取号:B946.6/W705] | 在馆 |